| 000 | 01211nam a2200313 i 4500 | ||
|---|---|---|---|
| 999 |
_c200445210 _d63422 |
||
| 001 | 200445210 | ||
| 003 | TR-AnTOB | ||
| 005 | 20230810164640.0 | ||
| 007 | ta | ||
| 008 | 061123b tu 000 0 tur d | ||
| 035 | _a(TR-AnTOB)200445210 | ||
| 040 |
_aTR-AnTOB _beng _erda _cTR-AnTOB |
||
| 041 | 0 | _atur | |
| 050 | 1 | 4 |
_aHD9259.O4 _bT87 |
| 090 |
_aHD9259.O4 _bT87 |
||
| 245 | 1 | 0 |
_aTürkiye zeytinciliğinin geliştirilmesi seminerine katılan Birleşmiş Milletler FAO heyetinin raporu / _cÇev. Füsun Güldoğan. |
| 264 | 1 |
_a[Place of publication not identified] : _b[publisher not identified], _c[date of publication not identified] |
|
| 300 |
_a1 volume (various pagings) ; _c30 cm |
||
| 336 |
_atext _btxt _2rdacontent |
||
| 337 |
_aunmediated _bn _2rdamedia |
||
| 338 |
_avolume _bnc _2rdacarrier |
||
| 500 | _a"Akdeniz Zeytinciliğinin Geliştirilmesi Bölgesel Projesi (FAO) İzmir, 24 Haziran-3 Temmuz 1985 İzmir" | ||
| 650 | 7 |
_aZeytin endüstrisi ve ticareti _zTürkiye _2etuturkob _9134094 |
|
| 700 | 1 |
_aGüldoğan, Füsun _etranslator _9134095 |
|
| 730 | 4 | 2 |
_aThe financing of higher education in Africa. _lTurkish. |
| 942 |
_2lcc _cBK |
||